Graphs in Biomedical Image Analysis and Integrating Medical Imaging and Non-Imaging Modalities Second International Workshop, GRAIL 2018 and First International Workshop, Beyond MIC 2018, Held in Conjunction with MICCAI 2018, Granada, Spain, September 20, 2018, Proceedings /

This book constitutes the refereed joint proceedings of the Second International Workshop on Graphs in Biomedical Image Analysis, GRAIL 2018 and the First International Workshop on Integrating Medical Imaging and Non-Imaging Modalities, Beyond MIC 2018, held in conjunction with the 21st Internationa...

Full description

Bibliographic Details
Corporate Author: SpringerLink (Online service)
Other Authors: Stoyanov, Danail (Editor, http://id.loc.gov/vocabulary/relators/edt), Taylor, Zeike (Editor, http://id.loc.gov/vocabulary/relators/edt), Ferrante, Enzo (Editor, http://id.loc.gov/vocabulary/relators/edt), Dalca, Adrian V. (Editor, http://id.loc.gov/vocabulary/relators/edt), Martel, Anne (Editor, http://id.loc.gov/vocabulary/relators/edt), Maier-Hein, Lena (Editor, http://id.loc.gov/vocabulary/relators/edt), Parisot, Sarah (Editor, http://id.loc.gov/vocabulary/relators/edt), Sotiras, Aristeidis (Editor, http://id.loc.gov/vocabulary/relators/edt), Papiez, Bartlomiej (Editor, http://id.loc.gov/vocabulary/relators/edt), Sabuncu, Mert R. (Editor, http://id.loc.gov/vocabulary/relators/edt), Shen, Li (Editor, http://id.loc.gov/vocabulary/relators/edt)
Format: Electronic eBook
Language:English
Published: Cham : Springer International Publishing : Imprint: Springer, 2018.
Edition:1st ed. 2018.
Series:Image Processing, Computer Vision, Pattern Recognition, and Graphics ; 11044
Subjects:
Online Access:Full Text via HEAL-Link
LEADER 06039nam a2200697 4500
001 978-3-030-00689-1
003 DE-He213
005 20191021182128.0
007 cr nn 008mamaa
008 180915s2018 gw | s |||| 0|eng d
020 |a 9783030006891  |9 978-3-030-00689-1 
024 7 |a 10.1007/978-3-030-00689-1  |2 doi 
040 |d GrThAP 
050 4 |a TA1630-1650 
072 7 |a UYT  |2 bicssc 
072 7 |a COM012000  |2 bisacsh 
072 7 |a UYT  |2 thema 
072 7 |a UYQV  |2 thema 
082 0 4 |a 006.6  |2 23 
082 0 4 |a 006.37  |2 23 
245 1 0 |a Graphs in Biomedical Image Analysis and Integrating Medical Imaging and Non-Imaging Modalities  |h [electronic resource] :  |b Second International Workshop, GRAIL 2018 and First International Workshop, Beyond MIC 2018, Held in Conjunction with MICCAI 2018, Granada, Spain, September 20, 2018, Proceedings /  |c edited by Danail Stoyanov, Zeike Taylor, Enzo Ferrante, Adrian V. Dalca, Anne Martel, Lena Maier-Hein, Sarah Parisot, Aristeidis Sotiras, Bartlomiej Papiez, Mert R. Sabuncu, Li Shen. 
250 |a 1st ed. 2018. 
264 1 |a Cham :  |b Springer International Publishing :  |b Imprint: Springer,  |c 2018. 
300 |a XVI, 101 p. 26 illus.  |b online resource. 
336 |a text  |b txt  |2 rdacontent 
337 |a computer  |b c  |2 rdamedia 
338 |a online resource  |b cr  |2 rdacarrier 
347 |a text file  |b PDF  |2 rda 
490 1 |a Image Processing, Computer Vision, Pattern Recognition, and Graphics ;  |v 11044 
505 0 |a Graph Saliency Maps through Spectral Convolutional Networks: Application to Sex Classification with Brain Connectivity -- A Graph Representation and Similarity Measure for Brain Networks with Nodal Features -- Hierarchical Bayesian Networks for Modeling Inter-Class Dependencies: Application to Semi-Supervised Cell Segmentation -- Multi-modal Disease Classification in Incomplete Datasets Using Geometric Matrix Completion -- BrainParcel: A Brain Parcellation Algorithm for Cognitive State Classification -- Modeling Brain Networks with Artificial Neural Networks -- A Bayesian Disease Progression Model for Clinical Trajectories -- Multi-modal brain connectivity study using deep collaborative learning -- Towards Subject and Diagnostic Identifiability in the Alzheimer's Disease Spectrum based on Functional Connectomes -- Predicting Conversion of Mild Cognitive Impairments to Alzheimer's Disease and Exploring Impact of Neuroimaging -- Cross-Diagnostic Prediction of Dimensional Psychiatric Phenotypes in Anorexia Nervosa and Body Dysmorphic Disorder Using Multimodal Neuroimaging and Psychometric Data. 
520 |a This book constitutes the refereed joint proceedings of the Second International Workshop on Graphs in Biomedical Image Analysis, GRAIL 2018 and the First International Workshop on Integrating Medical Imaging and Non-Imaging Modalities, Beyond MIC 2018, held in conjunction with the 21st International Conference on Medical Imaging and Computer-Assisted Intervention, MICCAI 2018, in Granada, Spain, in September 2018. The 6 full papers presented at GRAIL 2018 and the 5 full papers presented at BeYond MIC 2018 were carefully reviewed and selected. The GRAIL papers cover a wide range of develop graph-based models for the analysis of biomedical images and encourage the exploration of graph-based models for difficult clinical problems within a variety of biomedical imaging contexts. The Beyond MIC papers cover topics of novel methods with significant imaging and non-imaging components, addressing practical applications and new datasets. 
650 0 |a Optical data processing. 
650 0 |a Computer science-Mathematics. 
650 0 |a Artificial intelligence. 
650 0 |a Algorithms. 
650 0 |a Data structures (Computer science). 
650 1 4 |a Image Processing and Computer Vision.  |0 http://scigraph.springernature.com/things/product-market-codes/I22021 
650 2 4 |a Mathematics of Computing.  |0 http://scigraph.springernature.com/things/product-market-codes/I17001 
650 2 4 |a Artificial Intelligence.  |0 http://scigraph.springernature.com/things/product-market-codes/I21000 
650 2 4 |a Algorithm Analysis and Problem Complexity.  |0 http://scigraph.springernature.com/things/product-market-codes/I16021 
650 2 4 |a Data Structures and Information Theory.  |0 http://scigraph.springernature.com/things/product-market-codes/I15009 
700 1 |a Stoyanov, Danail.  |e editor.  |4 edt  |4 http://id.loc.gov/vocabulary/relators/edt 
700 1 |a Taylor, Zeike.  |e editor.  |4 edt  |4 http://id.loc.gov/vocabulary/relators/edt 
700 1 |a Ferrante, Enzo.  |e editor.  |0 (orcid)0000-0002-8500-788X  |1 https://orcid.org/0000-0002-8500-788X  |4 edt  |4 http://id.loc.gov/vocabulary/relators/edt 
700 1 |a Dalca, Adrian V.  |e editor.  |0 (orcid)0000-0002-8422-0136  |1 https://orcid.org/0000-0002-8422-0136  |4 edt  |4 http://id.loc.gov/vocabulary/relators/edt 
700 1 |a Martel, Anne.  |e editor.  |4 edt  |4 http://id.loc.gov/vocabulary/relators/edt 
700 1 |a Maier-Hein, Lena.  |e editor.  |4 edt  |4 http://id.loc.gov/vocabulary/relators/edt 
700 1 |a Parisot, Sarah.  |e editor.  |4 edt  |4 http://id.loc.gov/vocabulary/relators/edt 
700 1 |a Sotiras, Aristeidis.  |e editor.  |0 (orcid)0000-0003-0795-8820  |1 https://orcid.org/0000-0003-0795-8820  |4 edt  |4 http://id.loc.gov/vocabulary/relators/edt 
700 1 |a Papiez, Bartlomiej.  |e editor.  |4 edt  |4 http://id.loc.gov/vocabulary/relators/edt 
700 1 |a Sabuncu, Mert R.  |e editor.  |0 (orcid)0000-0002-7068-719X  |1 https://orcid.org/0000-0002-7068-719X  |4 edt  |4 http://id.loc.gov/vocabulary/relators/edt 
700 1 |a Shen, Li.  |e editor.  |4 edt  |4 http://id.loc.gov/vocabulary/relators/edt 
710 2 |a SpringerLink (Online service) 
773 0 |t Springer eBooks 
776 0 8 |i Printed edition:  |z 9783030006884 
776 0 8 |i Printed edition:  |z 9783030006907 
830 0 |a Image Processing, Computer Vision, Pattern Recognition, and Graphics ;  |v 11044 
856 4 0 |u https://doi.org/10.1007/978-3-030-00689-1  |z Full Text via HEAL-Link 
912 |a ZDB-2-SCS 
912 |a ZDB-2-LNC 
950 |a Computer Science (Springer-11645)